00502 2200193 4500001002100000005001500021008004100036020002200077035001900099041000700118082000800125090001400133100002000147700001100167700001400178245003300192260004700225300003600272INLIS00000000003123420241224133142241224||||||||| | ||| |||| || |  a978-602-9111-61-3 0010-1224031234 aid0 a030 a030 IRM s0 aIrma Susilowati0 afachri0 aA.Ruhimat00aSeru dan unik kota nusantara aSolobTiga Serangkai Pustaka Mandiric2011 axvi,336 halaman;ilustrasi;25 cm